Statistics for Concelhos de Viseu

Click here to take the quiz!

General Stats

  • This quiz has been taken 91 times
  • The average score is 15 of 24

Answers on the Map

Answers color-coded by a green-red scale on the quiz's map according to % correct below.
 

Answer Stats

Concelho% Correct
Viseu
100%
Lamego
73%
Tondela
73%
Mangualde
71%
São Pedro do Sul
67%
Castro Daire
65%
Sátão
65%
Cinfães
63%
Nelas
63%
Santa Comba Dão
63%
São João da Pesqueira
63%
Vouzela
63%
Oliveira de Frades
59%
Tarouca
59%
Resende
57%
Sernancelhe
57%
Moimenta da Beira
55%
Mortágua
51%
Tabuaço
51%
Vila Nova de Paiva
51%
Armamar
47%
Penedono
47%
Carregal do Sal
45%
Penalva do Castelo
45%

Score Distribution

Percentile by Number Answered

Percent of People with Each Score

Your Score History

You have not taken this quiz